000 00604nam a2200229 a 4500
001 86248
003 BD-RjUL
005 20260325144401.0
008 260325r20242013|||||||| |||| 00| 0 eng d
020 _a9788172338022
035 _a(BD-RjUL)86248
040 _aBD-RjUL
_beng
_cBD-RjUL
041 _aeng
082 _223
_a579.5
_bDUI 2024
100 _aDube, H.C.
_917858
245 _aIntroduction to fungi /
_cH.C. Dube
250 _a4th rev. ed.
260 _aJodhpur :
_bScientific Publishers,
_c2013, [Printing 2024]
300 _a592 p.:
_bill.;
_c21 cm.
650 _aFungi
942 _2ddc
_cBK
999 _c86248
_d86248